Longest Maps in TDS - Statistics

General Stats
  • This quiz has been taken 46 times
    9 since last reset
  • The average score is 2 of 26
Answer Stats
Length Answer % Correct
01:20,48 Moon Base
43%
01:22,22 Polluted Wastelands
43%
01:05,04 Wrecked Battlefield
43%
01:19,10 Coral Deep
14%
01:04,15 Four Seasons
14%
01:24,27 Summer Castle
14%
01:08,28 Unknown Garden
14%
01:09,87 Winter Abyss
14%
01:10,84 Abandoned City
0%
01:11,97 Abyssal Trench
0%
01:01,55 Candy Valley (Right)
0%
01:02,75 Crystal Cave
0%
01:05,18 Cyber City
0%
01:04,46 Deserted Village
0%
01:14,99 Fungi Island
0%
01:02,32 Iceville
0%
01:02,94 Marshlands
0%
01:02,90 Musaceae Kingdom (Right)
0%
01:16,13 Necropolis
0%
01:00,52 Nether
0%
01:07,98 Night Station
0%
01:07,44 Portland
0%
01:03,07 Retro Lighthouse
0%
01:04,35 Rocket Arena
0%
01:06,20 Sky Islands
0%
01:02,61 Tropical Isles
0%
No matching quizzes found
Score Distribution
Percent of People with Each Score
Percentile by Number Answered
Your Score History
You have not taken this quiz since the last reset